00765nam a22002417a 4500003000900000005001700009008003600026017000900062020001500071035000600086040002500092082000900117100002700126245010300153260005800256300002100314500002200335500007400357504002300431650002100454650002100475650002700496DO-SdBNP20171206100224.0060721 2001 mx a 1 spa  a b  a9701028201 a  aBPMSUbspacBPMSUe  a b 1 aSantin, GuillermocDr.10aVademecum radiológico :blo que importa en la clínica médica general /h cGuillermo Santin  aMéxico : bMcGraw-Hill interamericana,c2001.e f  a125 p. ;c29 cm. aIncluye índice. aIncluye cuestionario para evaluación del vademécum radiológico. aBiografía p: 109 2NOVELA INGLESA  42MAGIA - NOVELA  42NOVELA JUVENIL INGLESA